Kolibský debut M. Luthera Príspevok k žánru filmovej rozprávky

Bibliographic Details
Main Author: Mjartanová, Jana (Author)
Format: Article
Language:Slovak
Subjects:

MARC

LEADER 00000nab a2200000 a 4500
001 vtls000196081
003 SK-MaSNL
005 20260304213935.0
008 111106c1984 xo 0 slo
015 |a SNBRB19rr/mm-uuuuu 
035 |a CL0206194 
040 |a SNKBUCL  |b slo  |c SNKBUCL  |e AACR2 
041 0 |a slo 
044 |a xo  |c SK 
080 |a 791.43(437.6)  |2 1981 
100 1 |a Mjartanová, Jana  |4 aut  |9 7091 
245 1 0 |a Kolibský debut M. Luthera  |b Príspevok k žánru filmovej rozprávky  |c Jana Mjartanová 
630 0 7 |a Kráľ Drozdia brada (film)  |2 snkbucl  |9 1212110 
650 0 7 |a nemecké filmy  |2 snkbucl  |9 857769 
650 0 7 |a československé filmy  |2 snkbucl  |9 708557 
650 0 7 |a koprodukčné filmy  |2 snkbucl  |9 79154 
655 7 |a články z novín a časopisov  |2 snkbucl  |9 267496 
655 7 |a recenzie  |2 snkbucl  |9 21907 
773 0 |t Ľud  |g Roč. 37, č. 239 (9. 10. 1984), s. 5 
850 |a Slovenská národná knižnica 
852 |a Slovenská národná knižnica 
958 |a RK 
992 |a RBX 
999 |c 3138439  |d 3140369